[Event "27th Seacost Trophy 2017"]
[Site "Eforie Nord"]
[Date "2017.06.22"]
[Round "4"]
[White "Zubcu, Vlad-George"]
[Black "Bonte, Andrei-Mihai"]
[Result "0-1"]
[WhiteElo "2050"]
[BlackElo "2310"]
[Annotator "TA"]
[PlyCount "44"]
[EventDate "2017.??.??"]
[EventType "swiss"]
[EventCountry "ROU"]
[SourceTitle "playchess.com"]
[Source "ChessBase"]
[SourceQuality "1"]

{[%evp 14,44,47,41,64,72,53,0,0,-207,-215,-248,-240,-253,-255,-237,-193,-193,-208,-272,-262,-278,-279,-272,-256,-235,-234,-471,-473,-668,-660,-577,-467]} 1. d4 Nf6 2. Bg5 e6 3. e4 h6 4. Bxf6 Qxf6 5. c3 d6 6. Bd3 Nc6 {A45: Trompowsky Attack} (6... g6 7. Ne2 Bg7 8. O-O e5 9. f4 Qe7 10. f5 Nd7 11. Qb3 gxf5 12. Rxf5 O-O 13. Rf2 Qg5 14. Na3 {0-1 (42) Kindermann,S (2509)-Eljanov,P (2741) Germany 2017}) 7. Ne2 e5 8. O-O {LiveBook: 32 Games} Bg4 {[%cal Re5d4] White is slightly better.} 9. f3 $146 ({Predecessor:} 9. d5 Nb8 10. f3 Bc8 11. Nd2 Nd7 12. f4 Qd8 13. Nc4 c6 14. Kh1 cxd5 15. exd5 {0-1 (34) Raev,R (2338)-Ninov,N (2486) Pleven 2005}) 9... Bd7 {[%cal Re5d4]} 10. f4 (10. d5 $14 Ne7 11. f4) 10... exd4 $11 11. e5 $2 (11. Bc4 $11 {and White is okay.}) 11... dxe5 $19 12. fxe5 Qxe5 {...Bd6 is the strong threat.} 13. Nxd4 {[#] aiming for Re1.} O-O-O ({Not} 13... Nxd4 14. Re1 $11) 14. Nxc6 Bc5+ 15. Nd4 Bxd4+ 16. Kh1 Bc5 {[%cal Bd4c5,Bc5d6,Bd6c5][%mdl 32]} 17. Nd2 Bd6 {[%csl Gd6][%cal Re5h2]} 18. Nf3 Qh5 19. Be4 Bg4 $40 {[%mdl 128] Strongly threatening ...Bxf3. Black wants a kill.} 20. h3 $2 {[#]} (20. Qc2) 20... Bxh3 $1 {[%mdl 512] Black is clearly winning.} 21. gxh3 (21. Qd5 $142 Bf5+ 22. Kg1 Bh2+ 23. Nxh2 Rxd5 24. Bxd5) 21... Qxh3+ 22. Kg1 Bc5+ {Precision: White = 49%, Black = 81%.} 0-1

[Event "27th Seacost Trophy 2017"]
[Site "Eforie Nord"]
[Date "2017.06.23"]
[Round "5"]
[White "Istratescu, Andrei"]
[Black "Kharitonov, Alexandr"]
[Result "1/2-1/2"]
[WhiteElo "2593"]
[BlackElo "2547"]
[Annotator "TA"]
[PlyCount "24"]
[EventDate "2017.??.??"]
[EventType "swiss"]
[EventCountry "ROU"]
[SourceTitle "playchess.com"]
[Source "ChessBase"]
[SourceQuality "1"]

{[%evp 17,24,32,22,21,16,12,12,12,19]} 1. d4 Nf6 2. c4 e6 3. Nf3 Bb4+ 4. Nbd2 b6 5. a3 Bxd2+ 6. Qxd2 O-O 7. e3 {E11: Bogo-Indian} Ba6 (7... a5 8. b3 d5 9. Bb2 Ba6 10. Rc1 Nbd7 11. Be2 a4 12. b4 Bxc4 13. Bxc4 dxc4 14. Rxc4 b5 {1-0 (51) Karjakin,S (2774)-Jobava,B (2669) Almaty 2016}) 8. b3 d5 9. Bb2 c5 {LiveBook: 4 Games} 10. dxc5 $146 {The position is equal.} ({Predecessor:} 10. Be2 Nc6 11. cxd5 Bxe2 12. dxc6 Bxf3 13. gxf3 Qd5 14. Rg1 Qxf3 15. dxc5 bxc5 {½-½ (49) Nielsen,P (2654)-Ghaem Maghami,E (2582) Dubai 2014}) 10... dxc4 11. Bxc4 Bxc4 12. bxc4 bxc5 1/2-1/2

[Event "27th Seacost Trophy 2017"]
[Site "Eforie Nord"]
[Date "2017.06.23"]
[Round "5"]
[White "Nevednichy, Vladislav"]
[Black "Nanu, Costica-Ciprian"]
[Result "0-1"]
[WhiteElo "2533"]
[BlackElo "2509"]
[Annotator "TA"]
[PlyCount "66"]
[EventDate "2017.??.??"]
[EventType "swiss"]
[EventCountry "ROU"]
[SourceTitle "playchess.com"]
[Source "ChessBase"]
[SourceQuality "1"]

{[%evp 13,66,22,32,17,55,47,56,14,22,16,61,43,38,0,20,6,18,-27,0,-24,-9,-4,10,18,26,2,10,10,39,-27,-6,-110,-34,-60,-61,-61,-72,-81,-64,-134,-127,-133,-143,-215,-201,-202,-190,-228,-181,-253,-256,-547,-536,-525,-522]} 1. e4 c5 2. Nf3 e6 3. d4 cxd4 4. Nxd4 a6 5. Nc3 Qc7 6. Bd3 Nc6 7. Nxc6 bxc6 8. Qe2 {B46: Sicilian: Taimanov: 5 Nc3 a6} e5 9. O-O Nf6 10. f4 {White is slightly better.} Bd6 11. g4 $146 {g5 is the strong threat.} ({Predecessor:} 11. Kh1 h6 12. Na4 O-O 13. c4 exf4 14. c5 Be5 15. Nb6 Ra7 16. Nc4 Rb7 17. Nxe5 Qxe5 18. Bxf4 Qxc5 {1-0 (35) Kravtsiv,M (2546)-Kovalyov,A (2615) New Delhi 2010}) 11... Bc5+ ({But not} 11... exf4 $6 12. g5 $16) 12. Kg2 d6 13. f5 (13. g5 $5 {[%cal Rg5f6]} Nd7 14. f5 $11) 13... h6 14. Na4 Ba7 15. c4 Bd4 {[#]} 16. c5 $1 {[%mdl 512]} Rb8 $36 {[%mdl 2048] Black is pushing.} (16... Bxc5 17. Nxc5) 17. Bd2 Nd7 18. cxd6 Qxd6 19. Rab1 c5 20. b3 Bb7 21. Bc1 ({White should try} 21. Rbc1 $14) 21... Nf6 {[%cal Bd7f6,Bf6e4,Be4g5][%mdl 32] Black wants to play ...Qc6.} 22. Re1 (22. Ba3 $1 $11 {keeps the balance.}) 22... O-O (22... Rg8 $1 $17 {Strongly threatening ...g6.} 23. h3 g6 24. fxg6 Rxg6) 23. Ba3 Bc6 24. Nb2 Bxb2 25. Bxb2 {[#]} Rb4 $1 {Hoping for ...Bxe4+.} 26. Rbd1 ({White should play} 26. Qf3 $15) 26... Nxe4 $17 27. Kf1 {[%cal Rd3e4]} Qb8 28. Ba1 (28. Bc4 $17) 28... Re8 $19 29. Bc4 {[#]} Ng5 $1 30. Rd3 {[%cal Ra1e5]} Qa8 {Threatens to win with ...Bb5.} 31. h3 (31. Re3 $142) 31... Bb5 32. Qg2 $2 (32. Re3) 32... Rxc4 33. Qxa8 Rxa8 {Precision: White = 29%, Black = 66%.} 0-1

[Event "27th Seacost Trophy 2017"]
[Site "Eforie Nord"]
[Date "2017.06.23"]
[Round "5"]
[White "Manolache, Marius"]
[Black "Dragomirescu, Angela"]
[Result "1-0"]
[WhiteElo "2507"]
[BlackElo "2228"]
[Annotator "TA"]
[PlyCount "141"]
[EventDate "2017.??.??"]
[EventType "swiss"]
[EventCountry "ROU"]
[SourceTitle "playchess.com"]
[Source "ChessBase"]
[SourceQuality "1"]

{[%evp 10,141,18,9,18,18,9,21,2,0,51,31,50,42,73,21,31,-17,-16,-27,-30,-43,-52,-58,-56,-62,-55,-133,-127,-140,-65,-59,-17,-9,-17,-19,-23,-18,-3,-58,-36,-66,-46,-87,-63,-116,-22,-27,-45,-14,55,47,69,69,69,69,69,69,69,66,81,76,81,70,81,81,112,20,32,19,28,22,30,20,38,29,127,127,128,125,130,87,135,127,379,347,304,255,164,135,125,139,272,196,197,273,209,177,191,192,440,304,286,275,333,327,609,597,609,604,564,537,585,250,237,233,218,0,0,0,0,0,0,0,0,0,12837,12837,12830,1635,12841,12839,29978,29960]} 1. d4 d5 2. c4 c6 3. Nf3 Nf6 4. Nc3 a6 5. a4 e6 6. g3 Nbd7 {D15: Slav Defence: 4 Nc3 a6 and gambit lines after 4 Nc3 dxc4} 7. Bg2 Bb4 8. O-O O-O {The position is equal.} 9. Qb3 (9. Qc2 Qe7 10. a5 dxc4 11. Bg5 e5 12. Ne4 exd4 13. Nxd4 h6 14. Bh4 {½-½ (57) Gupta,A (2627)-Carlsen,M (2838) chess.com INT 2017}) 9... Ba5 ({Black should play} 9... a5 $11) 10. Rd1 $146 ({Predecessor:} 10. Bf4 Re8 11. Rfd1 Nf8 12. Rac1 Ng6 13. Bg5 h6 14. Bxf6 Qxf6 {0-1 (40) Balog,I (2265)-Lajthajm,B (2507) Senta 2006}) 10... Qe7 11. Bf4 h6 12. Rac1 (12. c5 $16) 12... Re8 $11 13. Ne5 Nxe5 14. dxe5 Nd7 15. cxd5 exd5 16. e4 d4 ({But not} 16... Nxe5 $6 17. exd5 Bc7 18. Ne4 $16) 17. Rxd4 Nxe5 18. Rd2 (18. Qa3 $15) 18... Be6 $17 19. Qc2 Bg4 (19... f6 $1 $17 20. Ra1 Rad8 21. Rxd8 Rxd8) 20. h3 $15 {Bxe5 is the strong threat.} Nf3+ 21. Bxf3 $1 Bxf3 22. Rd3 Bh5 23. Bd6 Qe6 24. b4 (24. g4 $11 Bg6 25. f3) 24... Bb6 25. a5 Ba7 26. Kg2 Rad8 27. Qd2 ({Better is} 27. Bc7 $15 Rd4 28. Rxd4 Bxd4 29. f3) 27... f6 (27... Bg6 $17 {Threatens to win with ...Rd7.} 28. f3 f5) 28. g4 $11 Bg6 {Hoping for ...Rd7.} 29. f3 $1 Bf7 (29... Rd7 $11 30. Rd1 h5) 30. Na4 $14 Qa2 31. Qxa2 Bxa2 32. Nc5 Bxc5 $1 33. bxc5 Be6 34. Rd4 Kf7 35. Rb4 Bc8 36. h4 h5 37. g5 Kg6 38. gxf6 ({White should try} 38. f4 $1 $16) 38... gxf6 $11 39. Kg3 Kf7 40. Kf4 Rg8 41. Rcb1 $36 {[%mdl 2048] White is more active.} Rd7 42. e5 f5 {[#]} (42... fxe5+ $11 43. Kxe5 Rg2) 43. e6+ $1 $16 Kxe6 44. Re1+ Kf6 45. Rb2 {[%mdl 1024] White has strong compensation.} Rf7 46. Rbe2 Bd7 $2 {[%mdl 8192] [#]} (46... Rh7 $16) 47. Be7+ $1 $18 Kg6 48. Rd2 Bc8 49. Rd6+ Kh7 50. Bg5 Rd7 (50... Kg7 $16 {keeps fighting.} 51. Rh6 Rff8) 51. Red1 Rgg7 52. Bf6 Rgf7 53. Ke5 Rxd6 54. cxd6 {[%mdl 4096] Endgame KRB-KRB} ({And not} 54. Rxd6 f4 $14) 54... Bd7 $2 (54... f4 55. Rg1 Bh3) 55. f4 Rf8 56. Rb1 Re8+ 57. Be7 Bc8 $2 (57... Rb8 58. Kf6 Kh6) 58. Kd4 Kg6 59. Kc5 Kf7 60. Re1 Be6 61. Kb6 (61. Re5 $142 Rg8 62. Kb6) 61... c5 62. Kxb7 c4 {intending ...c3.} 63. Kxa6 $2 ({White has to play} 63. Re3 $18) 63... c3 $11 64. Kb7 {Black must now prevent a6.} c2 65. a6 {aiming for a7.} Rc8 66. d7 Bxd7 67. Ba3 Rc4 $2 {[%mdl 8192]} (67... Rc3 $11 68. Re7+ Kf6 69. Rxd7 Rb3+ 70. Ka7 Rxa3) 68. Re7+ $18 Kf6 69. Rxd7 c1=Q 70. Bxc1 Rxc1 71. a7 {Precision: White = 65%, Black = 38%.} 1-0

[Event "27th Seacost Trophy 2017"]
[Site "Eforie Nord"]
[Date "2017.06.23"]
[Round "5"]
[White "Bulmaga, Irina"]
[Black "Dragomirescu, Calin"]
[Result "1-0"]
[WhiteElo "2415"]
[BlackElo "2108"]
[Annotator "TA"]
[PlyCount "85"]
[EventDate "2017.??.??"]
[EventType "swiss"]
[EventCountry "ROU"]
[SourceTitle "playchess.com"]
[Source "ChessBase"]
[SourceQuality "1"]

{[%evp 20,85,21,12,12,10,20,0,0,-1,0,0,14,2,27,26,25,8,14,7,22,13,29,25,52,52,71,66,66,66,66,66,64,52,207,225,245,269,305,319,337,293,1487,1489,1179,646,2311,2210,1673,478,435,447,659,686,645,599,556,503,481,476,574,396,564,560,29978,29979,29936,9991]} 1. e4 c5 2. Nf3 Nc6 3. d4 cxd4 4. Nxd4 Nf6 5. Nc3 e5 6. Ndb5 d6 7. Bg5 a6 8. Na3 b5 9. Nd5 Be7 10. Bxf6 Bxf6 11. c4 b4 {B33: Sicilian: Pelikan and Sveshnikov Variations} 12. Nc2 O-O 13. h4 a5 {The position is equal.} 14. g3 Be6 15. Bg2 (15. Bh3 a4 16. Nce3 Nd4 17. Kf1 b3 18. axb3 Nxb3 19. Ra2 Nc5 20. Kg2 Rb8 21. Nc3 Qd7 22. Qc2 Ra8 23. Nb5 Rab8 24. Nc3 Ra8 25. Nb5 Rab8 26. Nc3 {½-½ (27) Motylev,A (2665)-Grachev,B (2658) Sochi 2017}) 15... Rb8 (15... Re8 {with more complications.} 16. Qd3 Rb8 17. Nce3 Be7 18. b3 Bf8) 16. Qd3 {[#]} Bxd5 $146 (16... Re8 {is interesting.} 17. O-O Be7 18. a3 b3 19. Nce3 Bf8) ({Predecessor:} 16... Be7 17. O-O Qd7 18. Rad1 a4 19. b3 {1-0 (65) Alekseenko,K (2561)-Goryachkina,A (2503) Loo 2016}) 17. cxd5 Na7 {[%cal Bc6a7,Ba7b5,Bb5d4][%mdl 32]} 18. Ne3 Nb5 19. O-O Nd4 20. Bh3 g6 21. Nc2 Qb6 22. Nxd4 Qxd4 23. Qe2 $1 Bd8 24. Rac1 Qa7 25. Rc6 Qe7 26. Qa6 $1 g5 $2 ({Better is} 26... Rb7 $1 $14) 27. hxg5 $1 $18 ({Don't do} 27. Rxd6 $6 gxh4 28. Kg2 hxg3 $16) 27... Qxg5 28. Rxd6 Qd2 29. Bf5 Bg5 30. Kg2 ({Resist} 30. Qxa5 Qxb2 31. Ra6 b3 $18) 30... Kg7 $2 (30... Be3 31. Qxa5 Qxb2) 31. Rh1 Rh8 32. Qa7 {Threatening mate with Rxh7+!} Rbd8 33. Be6 {[%csl Ge6][%cal Ra7f7]} Rhf8 {[#]} 34. Rxd8 (34. Bxf7 $142 $1 {[%mdl 512]} Qxf2+ (34... Rxf7 35. Rxh7+) 35. Qxf2 Rxd6 36. Qa7) 34... Bxd8 {[#]} 35. Bxf7 $1 {[%mdl 512] Be8+ would kill now.} Bb6 (35... Qd4 $142 36. Qxd4 exd4) (35... Rxf7 36. Rxh7+) 36. Qxb6 {Hoping for Be6.} Rxf7 {[%mdl 4096] Endgame KQR-KQR} 37. Rh5 h6 38. Rh4 {And now Rg4+ would win.} Qg5 39. a3 Rf6 40. Qc5 bxa3 (40... Rf7 $142 41. axb4 Qf6) 41. bxa3 Rf4 42. Rxf4 exf4 43. Qc7+ {Precision: White = 64%, Black = 40%.} 1-0

[Event "27th Seacost Trophy 2017"]
[Site "Eforie Nord"]
[Date "2017.06.23"]
[Round "5"]
[White "Itkis, Boris"]
[Black "Patrascu, Catalin-Lucian"]
[Result "1-0"]
[WhiteElo "2371"]
[BlackElo "2253"]
[Annotator "TA"]
[PlyCount "86"]
[EventDate "2017.??.??"]
[EventType "swiss"]
[EventCountry "ROU"]
[SourceTitle "playchess.com"]
[Source "ChessBase"]
[SourceQuality "1"]

{[%evp 14,86,34,8,120,112,147,139,144,153,145,145,145,152,147,155,159,153,152,159,155,146,154,143,174,164,160,164,190,168,253,124,176,176,179,176,176,176,176,172,197,191,210,210,210,209,222,220,220,222,222,207,214,198,265,314,314,310,434,283,395,304,590,560,868,817,737,795,909,1169,1443,1310,5510,5047,1263]} 1. d4 Nf6 2. c4 e6 3. g3 d5 4. Bg2 Be7 5. Nf3 O-O 6. Nc3 b6 7. O-O c6 8. Ne5 Nfd7 {E06: Closed Catalan: Early deviations} (8... Ba6 $11) 9. cxd5 $16 Nxe5 10. dxe5 cxd5 {[#]White is clearly better.} 11. Nxd5 $1 {[%mdl 512]} exd5 12. Qxd5 Qxd5 13. Bxd5 Bh3 {aiming for ...Nd7.} 14. Bxa8 {Hoping for Rd1.} Bxf1 15. Kxf1 Nd7 16. Bd5 {Strongly threatening e6.} Nxe5 {[#]} 17. Bf4 $146 Rd8 18. Bb3 Nc6 19. Rc1 Bc5 20. Bg5 Rd6 21. Ba4 Rd5 (21... f6 $142) 22. Be3 ({Don't take} 22. Bxc6 $6 Rxg5 23. Rd1 g6 $16) (22. f4 $18 {and White stays clearly on top.}) 22... Ne7 (22... Bxe3 $16 23. Rxc6 (23. fxe3 Nd8 $16) 23... Bc5) 23. Bxc5 $18 Rxc5 {[%mdl 4096] Endgame KRB-KRN} 24. Rd1 {[%cal Rd1d8] [#]} Rd5 25. Rxd5 Nxd5 {KB-KN} 26. e4 Nc7 27. Ke2 Kf8 28. Ke3 Ke7 29. e5 f6 30. Ke4 Ke6 31. Bb3+ Ke7 32. Bg8 h6 33. a3 {[%cal Ba2a3,Ba3a4][%mdl 32]} a5 (33... fxe5 {was called for.} 34. Kxe5 Ne8) 34. Bc4 fxe5 35. Kxe5 Kd7 36. f4 Ke7 37. h4 Kd7 $2 (37... b5) 38. a4 {White is clearly winning.} Ke7 39. g4 {[%cal Bg3g4,Bg4g5][%mdl 32]} Ne8 40. g5 Nd6 41. b3 Nb7 42. f5 hxg5 43. hxg5 Nc5 {Precision: White = 80%, Black = 26%.} 1-0

[Event "27th Seacost Trophy 2017"]
[Site "Eforie Nord"]
[Date "2017.06.23"]
[Round "5"]
[White "Petre, Nad-Titus"]
[Black "Calin, Alexandru"]
[Result "1/2-1/2"]
[WhiteElo "2334"]
[BlackElo "2081"]
[Annotator "TA"]
[PlyCount "90"]
[EventDate "2017.??.??"]
[EventType "swiss"]
[EventCountry "ROU"]
[SourceTitle "playchess.com"]
[Source "ChessBase"]
[SourceQuality "1"]

{[%evp 9,90,18,20,14,24,22,11,0,0,12,32,22,13,17,28,17,7,13,4,8,15,20,17,0,30,29,32,-12,45,37,45,45,45,45,45,45,45,44,45,43,43,43,53,35,35,33,33,33,35,26,45,39,45,25,39,37,46,35,37,6,8,5,8,8,77,77,65,8,8,8,8,8,12,12,12,12,12,20,27,8,8,4,8]} 1. e4 c5 2. c3 Nc6 3. Nf3 e6 4. Bb5 d5 5. exd5 (5. Qe2 Nge7 6. exd5 Nxd5 7. O-O Bd7 8. d4 cxd4 9. cxd4 Be7 10. Nc3 O-O 11. Bd3 Rc8 12. Bd2 Bf6 {0-1 (75) Grischuk,A (2736)-Carlsen,M (2801) Moscow 2009}) 5... Qxd5 6. O-O {B30: Sicilian: 2...Nc6 3 Bb5, lines without ...g6} Nf6 7. c4 Qd6 8. d4 (8. Bxc6+ $5 Qxc6 9. Nc3 $11) 8... cxd4 9. Qxd4 $146 ({Predecessor:} 9. Nxd4 Bd7 10. Nxc6 Bxc6 11. Qxd6 Bxd6 12. Bxc6+ bxc6 {1-0 (45) Perdomo,C (2410)-Franco Ocampos,Z (2485) Elista 1998}) 9... Qxd4 10. Nxd4 Bd7 11. Nxc6 Bxc6 12. Bxc6+ bxc6 13. Nc3 Bc5 14. Rd1 Rd8 15. Rxd8+ Kxd8 16. Bg5 Be7 17. Rd1+ Kc8 18. Ne4 Nxe4 ({Better is} 18... h6 $11 19. Bxf6 gxf6) 19. Bxe7 $11 {[%mdl 4096] Endgame KRB-KRN} Re8 20. Ba3 Rd8 21. Rxd8+ $1 Kxd8 $14 {KB-KN} 22. f3 Nf6 $1 23. Bc5 a6 24. Bd4 Ne8 25. b3 f6 26. Kf2 e5 27. Bb6+ Kd7 28. Ke2 f5 29. Kd3 Ke6 30. Kc3 Nd6 31. Bc5 Nb7 32. Ba7 c5 33. a3 a5 34. b4 (34. Bb8 {keeps more tension.} Nd8 35. Bc7 Nc6 36. Bb6 Kd6 37. a4) 34... cxb4+ 35. axb4 axb4+ 36. Kxb4 e4 {[#]} (36... Nd6 $11 {remains equal.}) 37. fxe4 $1 $16 fxe4 38. Kc3 (38. Bf2 $14) 38... Nd8 $11 39. Bd4 g6 40. Kd2 Nc6 41. Bc3 Kd6 42. Ke3 Kc5 43. Kxe4 Kxc4 44. Bf6 Kc5 45. Be5 Nd8 {Precision: White = 56%, Black = 59%.} 1/2-1/2

[Event "27th Seacost Trophy 2017"]
[Site "Eforie Nord"]
[Date "2017.06.23"]
[Round "5"]
[White "Bonte, Andrei-Mihai"]
[Black "Murariu, Andrei"]
[Result "0-1"]
[WhiteElo "2310"]
[BlackElo "2504"]
[Annotator "TA"]
[PlyCount "104"]
[EventDate "2017.??.??"]
[EventType "swiss"]
[EventCountry "ROU"]
[SourceTitle "playchess.com"]
[Source "ChessBase"]
[SourceQuality "1"]

{[%evp 18,104,13,2,8,0,17,12,25,18,25,-9,-9,-18,0,0,0,0,28,26,32,6,9,-43,-49,-58,-54,-54,-61,-60,-61,-67,-61,-69,-25,-28,-26,-58,-53,-43,-29,-120,-135,-194,-190,-189,-183,-196,-117,-188,-163,-160,-115,-229,-145,-289,-242,-300,-62,-79,0,-39,-38,-53,0,0,36,0,0,0,0,0,0,-352,-347,-303,-254,-508,-437,-625,0,-997,-959,-1315,-806,-12841,-12842,-12841,-12842]} 1. d4 Nf6 2. c4 g6 3. Nf3 Bg7 4. Nc3 d5 5. cxd5 Nxd5 6. e4 Nxc3 7. bxc3 c5 8. h3 O-O 9. Be2 Nc6 10. Be3 cxd4 {D85: Exchange Grünfeld: Unusual White 7th moves and lines with 7 Nf3} (10... f5 11. Qb3+ Kh8 12. Rd1 cxd4 13. Nxd4 Nxd4 14. Bxd4 Qc7 15. exf5 Bxf5 16. O-O Bxd4 17. Rxd4 Rac8 18. c4 {½-½ (30) Piorun,K (2638)-Areshchenko,A (2677) Poland 2017}) 11. cxd4 Qa5+ 12. Bd2 Qa3 {The position is equal.} 13. d5 Ne5 14. Nxe5 Bxe5 15. O-O Bxa1 16. Qxa1 {Bh6 is the strong threat.} f6 17. Rb1 Qd6 18. Bb4 Qd8 $146 19. Bc4 {[%mdl 1024] aiming for Bxe7! White has compensation.} Rf7 $1 20. Rd1 (20. a4 $11) 20... Bd7 $15 21. Qd4 b5 22. Bb3 {[%cal Bc4b3,Bb3c2,Bc2d3][%mdl 32]} a5 {[%cal Ba7a5,Ba5a4][%mdl 32]} 23. Bc5 {With the idea e5.} a4 24. Bc2 $1 Rc8 25. Bd3 Qe8 (25... Qc7 $5 {[%cal Rc7c5]} 26. Bb4 Qf4 $15) 26. Bb4 e5 27. Qb2 g5 {[%cal Bg6g5,Bg5g4][%mdl 32]} 28. Qe2 Rg7 29. a3 (29. Qe3 $11 {keeps the balance.}) 29... g4 $17 30. g3 (30. h4 $17) 30... gxh3 $19 31. Kh2 h5 32. Rg1 Kh7 (32... Qg6 $19 33. Qe3 Qg5 34. Qxg5 fxg5) 33. f4 (33. Bd2 $17) 33... Bg4 34. Qf2 Qd7 35. f5 (35. Rf1 $17 {keeps fighting.}) 35... Kg8 36. Qb6 (36. Rf1 $17) 36... Qf7 37. Qe6 Rb8 $2 (37... Qxe6 $1 $19 38. fxe6 Rgc7) 38. Rc1 {[#]} Kh8 (38... Kh7 $1 $17) 39. Qxf7 Rxf7 40. d6 Bf3 ({Better is} 40... Kh7 $15) 41. Kxh3 $11 Rg8 42. Rc7 (42. Rf1 $5 {[%cal Rf1f3]} Bg4+ 43. Kg2 $11) 42... Rxc7 43. dxc7 {[%mdl 4096] Endgame And now Be7 would win. KRB-KB} Rc8 44. Ba5 b4 45. axb4 $2 {[%mdl 8192]} (45. Ba6 $11 {and White is okay.} Rxc7 46. Bxc7 Bxe4 47. axb4 Bxf5+ 48. Kh4) 45... a3 $19 {( -> ...a2)} 46. Bc4 Bxe4 47. g4 $2 (47. b5 {is the only way for White.} Bxf5+ 48. Kg2) 47... Bb1 48. Be6 (48. gxh5 $142 a2 49. Bxa2 Bxa2 50. b5) 48... hxg4+ $2 (48... a2 $19 49. Bxa2 hxg4+ 50. Kh4 Bxa2) 49. Kh4 $2 {[%mdl 8192] [#]} (49. Kxg4 $11 a2 50. Bxc8) 49... Bxf5 $1 {Black is clearly winning.} 50. Bxf5 {[#]} Rxc7 $3 {[%mdl 512] Hoping for ...a2!} 51. Bxc7 a2 52. Bd8 Kg7 {Precision: White = 30%, Black = 54%.} 0-1

[Event "27th Seacost Trophy 2017"]
[Site "Eforie Nord"]
[Date "2017.06.23"]
[Round "5"]
[White "Isfan, Ioan-Marius"]
[Black "Peptan, Corina-Isabela"]
[Result "0-1"]
[WhiteElo "2107"]
[BlackElo "2403"]
[Annotator "TA"]
[PlyCount "78"]
[EventDate "2017.??.??"]
[EventType "swiss"]
[EventCountry "ROU"]
[SourceTitle "playchess.com"]
[Source "ChessBase"]
[SourceQuality "1"]

{[%evp 9,78,8,31,21,16,22,33,4,37,32,18,-13,14,0,8,0,1,0,30,31,30,34,23,4,0,-50,-29,-29,-9,-121,-121,-127,-139,-211,-127,-163,-115,-172,-177,-181,-166,-150,-164,-195,-207,-275,-269,-418,-393,-556,-278,-310,-304,-305,-287,-273,-289,-586,-566,-706,-797,-771,-709,-3059,-2821,-2819,-2633,-29990,-29991,-29991,-29992]} 1. d4 Nf6 2. Nf3 e6 3. g3 b5 4. Bg5 Bb7 5. Nbd2 d5 6. e3 {[%cal Be2e3,Be3e4,Be4e5][%mdl 32] A46: 1 d4 Nf6 2 Nf3 e6: Torre, London and Colle Systems} a6 7. a4 b4 8. c3 $146 {White is slightly better.} ({Predecessor:} 8. Nb3 Nbd7 9. Na5 Qc8 10. Bxf6 Nxf6 11. c4 dxc4 12. Nxb7 Qxb7 {1-0 (30) Giri,A (2771)-L'Ami,E (2614) Reykjavik 2017}) 8... h6 9. Bxf6 Qxf6 10. Bd3 Nd7 11. e4 c5 12. Qe2 c4 13. Bc2 O-O-O (13... b3 $5 {[%cal Rb3c2]} 14. Bb1 O-O-O $11) 14. e5 Qe7 15. cxb4 $1 Qxb4 16. O-O g5 {[%cal Bg7g5,Bg5g4][%mdl 32] Strongly threatening ...g4.} 17. Rfc1 g4 (17... Qxb2 $2 18. Rab1 $18) 18. Ne1 h5 (18... Qxb2 19. Nxc4 dxc4 20. Qxc4+ Kb8 21. Rab1 $16) 19. Ng2 (19. a5 $1 $11 {remains equal.}) 19... Bh6 $36 {[%mdl 2048] Black is really pushing.} (19... Qxb2 20. Nxc4 $1 {[%mdl 512]} dxc4 21. Qxc4+ Bc5 22. Rab1 $14) 20. Ne3 Kb8 ({But not} 20... Qxb2 $2 {[#]} 21. Ndxc4 $1 {[%mdl 512]} Qxd4 22. Nd6+ Kb8 23. Rab1 $18 (23. Nxf7 Nxe5 24. Rd1 Qc3 $16)) 21. a5 (21. f4 $17) 21... Ka7 22. Rcb1 Bc6 23. Qd1 (23. f4 $17) 23... Rb8 $19 24. Ba4 Rhc8 25. Bxc6 Rxc6 26. Ndf1 Qb3 27. Qc1 Qd3 28. b3 (28. Qd2 {is a better defense.} f6 29. Qxd3 cxd3 30. exf6) 28... c3 29. Qa3 (29. Qd1 $142 Qxd1 30. Rxd1) 29... Bf8 30. Qa4 Rc7 31. Rd1 Qe4 {...Rb4 is the strong threat.} 32. Rac1 Rb4 33. Qa2 $2 (33. Qa1 {was forced.} Rxd4 34. Rxc3) 33... Rxd4 34. Qa1 Rxd1 35. Nxd1 d4 36. b4 Nxe5 {( -> ...Nf3+)} 37. Nd2 Qe1+ 38. Nf1 Nf3+ 39. Kg2 Qe4 {Precision: White = 22%, Black = 60%.} 0-1